Central Library OPAC University of Rajshahi
Normal view MARC view

Entry Topical Term

Number of records used in: 2

001 - CONTROL NUMBER

  • control field: 346

003 - CONTROL NUMBER IDENTIFIER

  • control field: BD-RjUL

005 - DATE AND TIME OF LATEST TRANSACTION

  • control field: 20211223150940.0

008 - FIXED-LENGTH DATA ELEMENTS

  • fixed length control field: 211223|| aca||aabn | a|a d

040 ## - CATALOGING SOURCE

  • Original cataloging agency: BD-RjUL
  • Transcribing agency: BD-RjUL

150 ## - HEADING--TOPICAL TERM

  • Topical term or geographic name entry element: Qurʼan
  • Form subdivision: Language, style

670 ## - SOURCE DATA FOUND

  • Source citation: Work cat.: (BD-RjUL)51506: Sharīf al-Raḍī, Muḥammad ibn al-Ḥusayn, 969 or 970-1016. 345, تلخيص البيان عن مجازات القران /;; Talkhīṣ al-bayān ʿan majāzāt al-Qurān /, 1330 [1951 or 1952]